| 000 | 00585 a2200157 4500 | ||
|---|---|---|---|
| 005 | 20250321134756.0 | ||
| 020 | _a978-0-07-352911-0 | ||
| 082 | _a530 GIA | ||
| 100 | _aGIAMBATTISTA, A. | ||
| 245 | _aCollege Physics: with an Integrated Approach to Forces and Kinematics | ||
| 260 |
_aBoston _bMcGraw-Hill Higher Education _c2010 |
||
| 300 |
_axxxii,1180p., ill., pictures, tables, _bIndex, _c29cm. |
||
| 700 | _aRICHARDSON, B.M. & RICHARDSON,R.C. | ||
| 856 |
_yAccess Online Book _fCollege Physics: with an Integrated Approach to Forces and Kinematics _dwww.e-mcat.com |
||
| 942 |
_2ddc _cBKS |
||
| 999 |
_c1041 _d1041 |
||